000 005540000a22001810004500
003 MACL
005 20160421125235.0
008 160421b xxu||||| |||| 00| 0 eng d
040 _aMACL
_cMACL
041 _aHindi
082 _a790
100 _aअसगर वजाहत
_953061
245 _aव्‍यावहारिक निर्देशिका पटकथा लेखन
260 _aपटना
_bराजकमल प्रकाशन
_c2011
350 _a250
650 _aपटकथा
_953062
942 _cHIN
_k790
_2ddc
999 _c48508
_d48508